000 00717nam a2200289Ia 4500
005 20260324140248.0
008 008 260324s9999 xx 000 0 eng d
020 _a9780203212646
037 _aEBOOK
040 _aCRL
040 _beng
040 _cCRL
041 _2eng
041 _aeng
084 _qCRL
100 _aJulia S. Falk
_91203724
245 0 _aWomen, Language and Linguistics
245 0 _bThree American Stories from the First Half of the Twentieth Century
260 _bTaylor and Francis
260 _c1999
365 _a
365 _b240
856 _uhttp://www.taylorfrancis.com/books/9780203212646
942 _cEBOOK
999 _c1805626
_d1805626